| 000 | 00982cam a22002651 4500 | ||
|---|---|---|---|
| 001 | tmp96004438 | ||
| 003 | DLC | ||
| 005 | 20260227112754.0 | ||
| 008 | 021018s1937 nyub 000 1 eng | ||
| 010 | _atmp96004438 | ||
| 040 |
_aDLC _cDLC _dDLC |
||
| 050 | 0 | 0 |
_aPZ3.R54263 _bNo 14 _aPS3535.O176 |
| 100 | 1 |
_aRoberts, Kenneth Lewis, _d1885-1957. |
|
| 245 | 1 | 0 |
_aNorthwest passage, _cby Kenneth Roberts. |
| 260 |
_aGarden City, N.Y., _bDoubleday, Doran & company, inc., _c1937. |
||
| 300 |
_a5 p.l., 3-709, [1] p. _c21 cm. |
||
| 500 | _aMaps on lining-papers. | ||
| 500 | _a"Book I of this novel appeared serially under the title of 'Rogers' rangers'." | ||
| 500 | _a"First published June 25, 1937 ... reprinted Dec. 9, 1937." | ||
| 651 | 0 |
_aUnited States _xHistory _yFrench and Indian War, 1754-1763 _vFiction. |
|
| 600 | 1 | 0 |
_aRogers, Robert, _d1731-1795 _vFiction. |
| 610 | 2 | 0 |
_aRogers' Rangers _vFiction. |
| 655 | 7 |
_aHistorical fiction. _2gsafd |
|
| 655 | 7 |
_aWar stories. _2gsafd |
|
| 999 |
_c91104 _d91104 |
||